Notes from underground / (Record no. 50413)
| 000 -LEADER | |
|---|---|
| fixed length control field | 00942nam a2200277 4500 |
| 020 ## - INTERNATIONAL STANDARD BOOK NUMBER | |
| International Standard Book Number | 9780679734529 |
| 035 ## - SYSTEM CONTROL NUMBER | |
| System control number | 16791131 |
| 035 ## - SYSTEM CONTROL NUMBER | |
| System control number | (OCoLC)688230716 |
| 040 ## - CATALOGING SOURCE | |
| Original cataloging agency | StDuBDS |
| Language of cataloging | eng |
| Transcribing agency | CUD |
| Modifying agency | YDXCP |
| -- | BWX |
| -- | GSU |
| -- | UKMGB |
| -- | BDX |
| -- | DLC |
| 041 1# - LANGUAGE CODE | |
| Language code of text/sound track or separate title | eng |
| Language code of original and/or intermediate translations of text | rus |
| 042 ## - AUTHENTICATION CODE | |
| Authentication code | lccopycat |
| 050 00 - LIBRARY OF CONGRESS CALL NUMBER | |
| Classification number | PG3326 |
| Item number | .Z4 2010 |
| 082 04 - DEWEY DECIMAL CLASSIFICATION NUMBER | |
| Classification number | 891.733 |
| Edition number | 22 |
| 100 ## - MAIN ENTRY--PERSONAL NAME | |
| Personal name | Dostoyevsky, Fyodor, |
| Dates associated with a name | 1821-1881. |
| Relator term | author. |
| 245 ## - TITLE STATEMENT | |
| Title | Notes from underground / |
| Statement of responsibility, etc | Fyodor Dostoyevsky ; translated by Kyril Zinovieff and Jenny Hughes. |
| 260 ## - PUBLICATION, DISTRIBUTION, ETC. (IMPRINT) | |
| Place of publication, distribution, etc | NEw York ; |
| Name of publisher, distributor, etc | Vintage ; |
| Date of publication, distribution, etc | August 30, 1994 |
| 300 ## - PHYSICAL DESCRIPTION | |
| Extent | xv, 151 p. : |
| Other physical details | ill. ; |
| Dimensions | 20 cm. |
| 546 ## - LANGUAGE NOTE | |
| Language note | Translated from the Russian. |
| 650 ## - SUBJECT ADDED ENTRY--TOPICAL TERM | |
| 9 (RLIN) | 3904 |
| Topical term or geographic name as entry element | Philosophy. |
| 650 ## - SUBJECT ADDED ENTRY--TOPICAL TERM | |
| 9 (RLIN) | 86848 |
| Topical term or geographic name as entry element | Self-consciousness |
| 651 ## - SUBJECT ADDED ENTRY--GEOGRAPHIC NAME | |
| Geographic name | Russia |
| General subdivision | History |
| Chronological subdivision | 1801-1917 |
| Form subdivision | Fiction. |
| 9 (RLIN) | 87361 |
| 651 ## - SUBJECT ADDED ENTRY--GEOGRAPHIC NAME | |
| Geographic name | Russia |
| General subdivision | Officials and employees |
| Form subdivision | Fiction. |
| 9 (RLIN) | 87362 |
| 700 ## - ADDED ENTRY--PERSONAL NAME | |
| Personal name | FitzLyon, Kyril. |
| 9 (RLIN) | 87363 |
| 700 ## - ADDED ENTRY--PERSONAL NAME | |
| Personal name | Hughes, Jenny. |
| 9 (RLIN) | 87364 |
| 942 ## - ADDED ENTRY ELEMENTS (KOHA) | |
| Source of classification or shelving scheme | |
| Koha item type | Book |
| Withdrawn status | Lost status | Source of classification or shelving scheme | Damaged status | Not for loan | Home library | Current library | Date acquired | Total Checkouts | Full call number | Barcode | Date last seen | Price effective from | Koha item type |
|---|---|---|---|---|---|---|---|---|---|---|---|---|---|
| Logos International School | Logos International School | 04/20/2026 | FIC DOS | 040948 | 04/20/2026 | 04/20/2026 | Book |